| 000 | 00556nam a22001577a 4500 | ||
|---|---|---|---|
| 999 |
_c61384 _d61384 |
||
| 005 | 20240304153807.0 | ||
| 008 | 240304s1964 enk||||| |||| 00| 0 eng d | ||
| 041 | _aeng | ||
| 080 | _a821.111.1 H-24 | ||
| 100 |
_aHarrison, G. B. _921308 |
||
| 245 |
_aThe Bible for Students of Literature and Art / _cG. B. Harrison. |
||
| 264 |
_aNew York, _c1964. |
||
| 300 |
_a568 p. ; _b17 cm. |
||
| 653 | _aბიბლია ლიტერატურისა და ხელოვნების სტუდენტებისთვის | ||
| 942 |
_2udc _cBK |
||